01002nam a2200277 a 450000100060000000300080000600500170001400800410003102000150007203500190008703500140010604000250012004100080014508200210015324501020017426000500027630000310032650400410035765000600039865000280045865100390048670000280052594200120055399900170056595201420058219204BD-RjUL20211209000411.0140223s1973 maua b 000 0 eng d a0674789601 a(BD-RjUL)19262 a(BD-RjUL) aLCbengcLCdBD-RjUL aeng04a913.35bSAS 197310aSasanian remains from Qasr-i Abu Nasr :bseals, sealings, and coins /cEdited by Richard N. Frye. aCambridge :bHarvard University Press,c1973. a133 p. :billus. ;c29 cm. aIncludes bibliographical references. 0aSeals (Numismatics)zIranzQasr-e Abu Nasr site.959081 0aCoins, Sassanid.959082 0aQasr-e Abu Nasr site, Iran.9590831 aFrye, Richard N.959084 2ddccBK c19204d19204 00102ddc3V-140718NFICaRUCLbRUCLcReadingd1974-05-05eHeffers.g8.45l0o913.35 SAS 1973r2014-02-23 00:00:00tC-2w2014-02-23yBK